000 00830nam a2200277Ia 4500
003 OSt
005 20220927105334.0
006 a|||||r|||| 00| 0
007 ta
008 220926b |||||||| |||| 00| 0 eng d
020 _a9780821375679
024 _a190392
037 _cReference Collections
040 _aRTL
_cRTL
_beng
041 _2eng
_aeng
082 _a"X:54:(b6).1.P, P8"
100 _aISLAM Roumeen
_9371789
110 _aWORLD BANK
245 0 _aWorld trade indicators 2008
_b Benchmarking policy and performance
260 _aWashington
_bWorld bank
_c2008
300 _a"xxiii, 121p"
_ccm.
700 _a ZANINI Gianni
_9371790
700 _aWORLD BANK
942 _h"X:54:(b6).1.P, P8"
_cCC
999 _c691958
_d691958